|
|
|
|
| LEADER |
01460nam a2200397Ia 4500 |
| 001 |
EBC3386570 |
| 003 |
MiAaPQ |
| 005 |
20200520144314.0 |
| 006 |
m o d | |
| 007 |
cr cn||||||||| |
| 008 |
110914s2011 enka sb 001 0 eng d |
| 020 |
|
|
|z 074533055X
|
| 020 |
|
|
|z 9780745330556
|
| 020 |
|
|
|z 9780745330563
|
| 020 |
|
|
|z 9781849646987
|
| 035 |
|
|
|a (MiAaPQ)EBC3386570
|
| 035 |
|
|
|a (Au-PeEL)EBL3386570
|
| 035 |
|
|
|a (CaPaEBR)ebr10516084
|
| 035 |
|
|
|a (CaONFJC)MIL987683
|
| 035 |
|
|
|a (OCoLC)923334437
|
| 040 |
|
|
|a MiAaPQ
|c MiAaPQ
|d MiAaPQ
|
| 050 |
|
4 |
|a HC260.5
|b .K573 2011
|
| 082 |
0 |
4 |
|a 330.9417
|2 23
|
| 100 |
1 |
|
|a Kirby, Peadar.
|
| 245 |
1 |
0 |
|a Towards a second republic
|h [electronic resource] :
|b Irish politics after the celtic tiger /
|c Peadar Kirby and Mary P. Murphy.
|
| 260 |
|
|
|a London :
|b Pluto Press,
|c c2011.
|
| 300 |
|
|
|a xvii, 264 p. :
|b ill.
|
| 504 |
|
|
|a Includes bibliographical references and index.
|
| 533 |
|
|
|a Electronic reproduction. Ann Arbor, MI : ProQuest, 2015. Available via World Wide Web. Access may be limited to ProQuest affiliated libraries.
|
| 650 |
|
0 |
|a Economics
|z Ireland
|y 21st century.
|
| 651 |
|
0 |
|a Ireland
|x Economic conditions
|y 21st century.
|
| 651 |
|
0 |
|a Ireland
|x Economic policy
|y 21st century.
|
| 655 |
|
4 |
|a Electronic books.
|
| 700 |
1 |
|
|a Murphy, Mary,
|d 1964-
|
| 710 |
2 |
|
|a ProQuest (Firm)
|
| 856 |
4 |
0 |
|u https://ebookcentral.proquest.com/lib/matrademy/detail.action?docID=3386570
|z Click to View
|